The law of tort / (Record no. 397)

MARC details
000 -LEADER
fixed length control field 01351cam a22003974a 4500
001 - CONTROL NUMBER
control field 16302018
003 - CONTROL NUMBER IDENTIFIER
control field OSt
005 - DATE AND TIME OF LATEST TRANSACTION
control field 20110721103533.0
008 - FIXED-LENGTH DATA ELEMENTS--GENERAL INFORMATION
fixed length control field 100625s2007 enk 001 0 eng
010 ## - LIBRARY OF CONGRESS CONTROL NUMBER
LC control number 2010474258
015 ## - NATIONAL BIBLIOGRAPHY NUMBER
National bibliography number GBA665115
Source bnb
016 7# - NATIONAL BIBLIOGRAPHIC AGENCY CONTROL NUMBER
Record control number 013517664
Source Uk
020 ## - INTERNATIONAL STANDARD BOOK NUMBER
International Standard Book Number 9781405712408 (hbk.)
020 ## - INTERNATIONAL STANDARD BOOK NUMBER
International Standard Book Number 1405712406 (hbk.)
035 ## - SYSTEM CONTROL NUMBER
System control number (OCoLC)ocm70765421
040 ## - CATALOGING SOURCE
Original cataloging agency Uk
Transcribing agency Uk
Modifying agency BTCTA
-- BWKUK
-- YDXCP
-- BWK
-- DLC
042 ## - AUTHENTICATION CODE
Authentication code ukscp
-- lccopycat
043 ## - GEOGRAPHIC AREA CODE
Geographic area code e-uk-en
050 00 - LIBRARY OF CONGRESS CALL NUMBER
Classification number KD1949
Item number .L39 2007
082 04 - DEWEY DECIMAL CLASSIFICATION NUMBER
Classification number 346.03 LAW
Edition number 22
245 04 - TITLE STATEMENT
Title The law of tort /
Statement of responsibility, etc general editor, Andrew Grubb ; contributors, Speci... [et al.].
250 ## - EDITION STATEMENT
Edition statement 2nd ed.
260 ## - PUBLICATION, DISTRIBUTION, ETC. (IMPRINT)
Place of publication, distribution, etc [London] :
Name of publisher, distributor, etc LexisNexis Butterworths,
Date of publication, distribution, etc 2002.
300 ## - PHYSICAL DESCRIPTION
Extent ccxxvii, 1734 p. ;
Dimensions 26 cm.
440 #0 - SERIES STATEMENT/ADDED ENTRY--TITLE
Title Butterworths common law series
9 (RLIN) 1151
500 ## - GENERAL NOTE
General note Previous ed.: London: Butterworths, 2002.
500 ## - GENERAL NOTE
General note Includes index.
650 #0 - SUBJECT ADDED ENTRY--TOPICAL TERM
Topical term or geographic name as entry element Torts
Geographic subdivision England.
9 (RLIN) 1152
650 #0 - SUBJECT ADDED ENTRY--TOPICAL TERM
Topical term or geographic name as entry element Damages
Geographic subdivision England.
9 (RLIN) 1153
700 1# - ADDED ENTRY--PERSONAL NAME
Personal name Oliphant, Ken.
9 (RLIN) 1154
700 1# - ADDED ENTRY--PERSONAL NAME
Personal name Bagshaw, Roderick.
9 (RLIN) 1155
906 ## - LOCAL DATA ELEMENT F, LDF (RLIN)
a 7
b cbc
c copycat
d 2
e ncip
f 20
g y-gencatlg
942 ## - ADDED ENTRY ELEMENTS (KOHA)
Source of classification or shelving scheme Dewey Decimal Classification
Koha item type Books
Holdings
Withdrawn status Lost status Source of classification or shelving scheme Damaged status Not for loan Home library Current library Shelving location Date acquired Total Checkouts Full call number Barcode Date last seen Price effective from Koha item type
    Dewey Decimal Classification     Law Development Centre Main Library Law Development Centre Main Library Text Books and Laws 04/19/2011   346.03 LAW 2011/2335 04/19/2011 04/19/2011 Books